00923cam a2200265 a 4500001000800000005001700008007000400025008000400029010001700033020002500050040001900075043001200094050002200106082002000128245005800148260005800206300004100264440004900305440003200354504005100386650002400437700001700461856008900478856009000567436089820170822153107.0000000 a 90021423  a0198592108 :c$67.50 aUOELcDLCdDLC af-sj---00aS473.S7bA49 199000a338.1/0962422004aThe Agriculture of the Sudan /cedited by G.M. Craig. aOxford ;aNew York :bOxford University Press,c1991. axiii, 468 p. :bill., maps ;c24 cm. 0aCentre for Agricultural Strategy series ;v1 0aOxford science publications aIncludes bibliographical references and index. 0aAgriculturezSudan.1 aCraig, G. M.423Publisher descriptionuhttp://www.loc.gov/catdir/enhancements/fy0636/90021423-d.html413Table of contents onlyuhttp://www.loc.gov/catdir/enhancements/fy0636/90021423-t.html